00706nam a2200241 a 4500001001300000003000900013005001700022008004100039020001000080082001800090100002700108245002300135260003500158300000900193500003500202505002900237650002300266700002700289902000800316942000700324952011800331999001500449nice12345678IN_TiNIC20260116011410.0050524s1871 luca grp 000 0 per  ac10000a297.1227bTAS aTasleem, Anwar Hussain aTafseer-I-Hussaini aLucknow bNaval Kishore c1871 a489p aincludes index and biblioraphy2 aFour Parts Boun Together aQuran-Hermeneutics1 aTasleem, Anwar Hussain bSRS cBK 001040708StackRoom-aHMIbHMId2007-08-03g100.00l0o297.1227 TASp04588r2007-08-03v100.00w2005-05-24yBK c1178d1178